| 000 | 00479nam a22001937a 4500 | ||
|---|---|---|---|
| 005 | 20240502122458.0 | ||
| 008 | 230720b |||||||| |||| 00| 0 eng d | ||
| 020 | _a978-96-734-9829-1 | ||
| 082 |
_a339 _bFRO-M |
||
| 100 | _aFroyen,Richred T. | ||
| 245 |
_aMacroeconomics _bTheories and Policies |
||
| 250 | _a10th.ed. | ||
| 260 |
_aMalaysia _bPearson _c2014 |
||
| 300 | _a375 | ||
| 500 | _ainclude index | ||
| 650 | _aEconomics | ||
| 700 | _aRichred T.Froyen | ||
| 999 |
_c33080 _d33080 |
||